000 00365nam a22001337a 4500
005 20140310182644.0
008 131107b xxu||||| |||| 00| 0 eng d
050 _aBD 143
_b.T396 2004
245 _aTheory of Knowledge :
_bLessons from around the world /
260 _aSwirzerland:
_bIBO,
_cc2004.
300 _a118 p. :
_c30 cm.
942 _2lcc
_cBK
999 _c15022
_d15022